Statistiques concernant Pays ayant le plus de forêt

Cliquez ici pour prendre le quiz!

Statistiques générales

  • Ce quiz a été pris 22 338 fois
    (18 215 depuis la dernière actualisation)
  • Le résultat moyen est 13 sur 20

Statistiques - réponses

km2pays% Correct
4 935 380Brésil
98%
8 149 305Russie
97%
3 470 690Canada
94%
2 083 213Chine
93%
3 100 950Etats-Unis
93%
706 820Inde
83%
1 247 510Australie
78%
585 017Colombie
74%
660 400Mexique
73%
739 730Pérou
70%
1 525 780République démocratique
du Congo
67%
910 100Indonésie
64%
466 830Venezuela
62%
547 640Bolivie
61%
460 600Tanzanie
36%
578 560Angola
30%
290 410Birmanie
25%
379 400Mozambique
25%
486 350Zambie
22%
335 590Papouasie-Nouvelle-
Guinée
18%

Distribution des résultats

Percentile par nombre de réponses

% des personnes avec chaque résultat

Votre développement - résultats

Vous n’avez pas pris ce quiz depuis la dernière actualisation